000 00499nam a2200181Ia 4500
005 20250326142806.0
008 250326s9999 xx 000 0 und d
037 _aTextbook
040 _aFMSL
_beng
_cFMSL
041 _aeng
_2eng
084 _aX62:8 M3
_qFMSL
100 _aHempel G H
_9746616
245 0 _aBank management Text and cases
_cHempel G H And Others
260 _aUSA
_bUSA, Johan Willey
_c1983
300 _a599p
942 _cTB
_hX62:8 M3
999 _c1296652
_d1296652